| 000 | 00684 a2200229 4500 | ||
|---|---|---|---|
| 005 | 20250502111209.0 | ||
| 020 | _a8177541242 | ||
| 050 |
_aSB415 _bPRA 2010 |
||
| 100 |
_aPrasad, S. _eauthor |
||
| 245 |
_aGreenhouse management for horticultural crops / _cS. Prasad & U. Kumar |
||
| 250 | _aSecond edition | ||
| 264 |
_aJodhpur : _bAgrobios, _c2010. |
||
| 300 |
_a476pages : _billustrations |
||
| 336 |
_2rdacontent _atext _btxt |
||
| 337 |
_2rdamedia _aunmediated _bn |
||
| 338 |
_2rdacarrier _avolume _bnc |
||
| 500 | _aIncludes index | ||
| 650 | _aGreenhouse management. | ||
| 650 | _aGreenhouses. | ||
| 700 |
_aKumar, U. _eauthor |
||
| 942 |
_2lcc _cBK _esecond edition _h415 _iPRA _kSB |
||
| 999 |
_c5826 _d5826 |
||